000 00593nam a22001937a 4500
003 OSt
005 20260119020945.0
008 260119b |||||||| |||| 00| 0 eng d
020 _a 1-862053545
040 _aDWC-Main lib
_cOC
082 _aCirc. 641.5945 D278l 2001
100 _aDe 'Medici, Lorenza
245 _aLorenza's Italian Seasons/
_cLorenza, De 'Medici
260 _aGreat Britain,
_bPavilion books limited ,
_cc2001.
300 _a191 pages :
_bcolor illustrations ;
_c28cm.
504 _aIncludes index
650 _a1. Cooking Italian
942 _2ddc
_cBK-CIRC
_kCirc.
_n0
999 _c7512
_d7512